Management accounting: principles and practice (Record no. 82392)

MARC details
000 -LEADER
fixed length control field 00810nam a2200157 a 4500
008 - FIXED-LENGTH DATA ELEMENTS--GENERAL INFORMATION
fixed length control field 120416s1991 ||||||||||||||||| || u
020 ## - INTERNATIONAL STANDARD BOOK NUMBER
International Standard Book Number 8170244021
050 ## - LIBRARY OF CONGRESS CALL NUMBER
Classification number HF 5635 Sah
100 ## - MAIN ENTRY--PERSONAL NAME
Personal name Sahaf, M. A
245 10 - TITLE STATEMENT
Title Management accounting: principles and practice
260 ## - PUBLICATION, DISTRIBUTION, ETC.
Place of publication, distribution, etc. New Delhi
Name of publisher, distributor, etc. Ashish Publishers
Date of publication, distribution, etc. 1991
350 ## -
-- 0.00
995 ## -
-- MAIN LIBRARY OPEN ACCESS
-- 0.00
-- 732014
-- CBU-MAIN LIBRARY (Kitwe)
-- 1
-- 25.00
-- HF 5635 Sah
-- 1
-- AVAILABLE
-- 029765
-- Main Library Open Access Collection
995 ## -
-- MAIN LIBRARY OPEN ACCESS
-- 0.00
-- 732013
-- CBU-MAIN LIBRARY (Kitwe)
-- 3
-- 25.00
-- HF 5635 Sah
-- 3
-- AVAILABLE
-- 029764
-- Main Library Open Access Collection
995 ## -
-- MAIN LIBRARY OPEN ACCESS
-- 0.00
-- 732015
-- CBU-MAIN LIBRARY (Kitwe)
-- 2
-- 25.00
-- HF 5635 Sah
-- 2
-- LOST
-- 732015
-- Main Library Open Access Collection
999 ## -
-- 82392
-- 82392
Holdings
Withdrawn status Lost status Source of classification or shelving scheme Damaged status Not for loan Permanent Location Current Location Shelving location Date acquired Total Checkouts Full call number Barcode Date last seen Copy number Price effective from Koha item type
          CBU-MAIN LIBRARY, KITWE. CBU-MAIN LIBRARY, KITWE.   09/27/2023   HF 5635 Sah 029765 09/27/2023 1 09/27/2023 MONOGRAPH
          CBU-MAIN LIBRARY, KITWE. CBU-MAIN LIBRARY, KITWE.   09/27/2023   HF 5635 Sah 029764 09/27/2023 2 09/27/2023 MONOGRAPH
          CBU-MAIN LIBRARY, KITWE. CBU-MAIN LIBRARY, KITWE.   09/27/2023   HF 5635 Sah 732015 09/27/2023 3 09/27/2023 MONOGRAPH